01047nam a22002537a 45000010005000000030006000050050017000110080041000280200018000690400029000870500014001160820010001301000017001402450064001572600051002213000043002724900031003155050008003465200349003545210020007035210020007236500019007437000031007624853FISKH20241018111327.0241018b cb ||||| |||| 00| 0 eng d a9780194791250 aFISKHbengcFISKHdFISKH aPE1126.A4 a428.6 aMowat, Diane aA Pair of Ghostly Hands and Other Stories /cby Diane Mowat aNew York : bOxford University Press ;c2008 . a72 pages : billustrations ;c21 cm . aOxford Bookworms vStage 3 aP  aIf you wake up in the night and hear a tap running somewhere in the house, what do you do? You get up and go and turn the tap off. A little later you hear the tap running again. You are alone in the house, and you know you turned the tap off. What do you do then? The ghosts in these stories all have unfinished business with the living world..8 a680 bLexile 8 aP bRaz-Plus  adrama vHorror aStower, Adameillustrator